Catálogo público

Manipulación del colesterol y lípidos totales en el huevo de gallinas suplementadas con cobre y cromo / (Record no. 169516)

MARC details
000 -CABECERA
campo de control de longitud fija 01226nam a2200337Ia 4500
001 - NÚMERO DE CONTROL
campo de control Z_6261
003 - IDENTIFICADOR DEL NÚMERO DE CONTROL
campo de control CHAP
008 - DATOS DE LONGITUD FIJA--INFORMACIÓN GENERAL
campo de control de longitud fija 220113s2011 xx 000 0 und d
010 ## - NÚMERO DE CONTROL DE LA BIBLIOTECA DEL CONGRESO
Número de control de LC 169516
040 ## - FUENTE DE LA CATALOGACIÓN
Centro/agencia transcriptor CHAP
090 ## - LOCALMENTE ASIGNADO TIPO-LC NÚMERO DE CLASIFICACIÓN (OCLC); NÚMERO DE CLASIFICACIÓN LOCAL (RLIN)
Número de clasificación (OCLC) (R) ; Numero de clasificación, CALL (RLIN) (NR) Tesis E87 2219
100 ## - ENTRADA PRINCIPAL--NOMBRE DE PERSONA
Nombre de persona Espinoza Velasco, Bernardino
9 (RLIN) 144363
245 ## - MENCIÓN DE TÍTULO
Título Manipulación del colesterol y lípidos totales en el huevo de gallinas suplementadas con cobre y cromo /
Mención de responsabilidad, etc. Bernardino Espinoza Velasco y Yaneth López Mora
260 ## - PUBLICACIÓN, DISTRIBUCIÓN, ETC.
Lugar de publicación, distribución, etc. Chapingo, México :
Nombre del editor, distribuidor, etc. El autor,
Fecha de publicación, distribución, etc. 2011
300 ## - DESCRIPCIÓN FÍSICA
Extensión 69 h.
502 ## - NOTA DE TESIS
Nota de tesis Tesis (Ingeniero Agrónomo Especialista en Zootecnia) -- UACh, 2011 \ Dirección: Mariano J. González Alcorta ; asesoría: Agustín Ruíz Flores y Luis Alberto Miranda Romero
650 ## - PUNTO DE ACCESO ADICIONAL DE MATERIA--TÉRMINO DE MATERIA
Término de materia o nombre geográfico como elemento de entrada Colesterol
9 (RLIN) 25130
650 ## - PUNTO DE ACCESO ADICIONAL DE MATERIA--TÉRMINO DE MATERIA
Término de materia o nombre geográfico como elemento de entrada Gallinas ponedoras
9 (RLIN) 144364
650 ## - PUNTO DE ACCESO ADICIONAL DE MATERIA--TÉRMINO DE MATERIA
Término de materia o nombre geográfico como elemento de entrada Lípidos
9 (RLIN) 67487
650 ## - PUNTO DE ACCESO ADICIONAL DE MATERIA--TÉRMINO DE MATERIA
Término de materia o nombre geográfico como elemento de entrada Suplementos
Subdivisión general cobre
-- cromo
9 (RLIN) 144365
700 ## - PUNTO DE ACCESO ADICIONAL--NOMBRE DE PERSONA
Nombre de persona González Alcorta, Mariano J. director
9 (RLIN) 144366
700 1# - PUNTO DE ACCESO ADICIONAL--NOMBRE DE PERSONA
Nombre de persona Miranda Romero, Luis Alberto
9 (RLIN) 142242
700 ## - PUNTO DE ACCESO ADICIONAL--NOMBRE DE PERSONA
Nombre de persona Ruíz Florez, Agustín, asesor
9 (RLIN) 144367
700 ## - PUNTO DE ACCESO ADICIONAL--NOMBRE DE PERSONA
Nombre de persona López Mora, Yaneth, coaut.
9 (RLIN) 144368
901 ## - ELEMENTOS DE DATOS A LOCAL LDA (RLIN)
a TESIS E87 2219
902 ## - ELEMENTOS DE DATOS B LOCAL, LDB (RLIN)
a M
910 ## - DATOS DE OPCIÓN DEL USUARIO (OCLC)
Datos de opción del usuario 2011
942 ## - ELEMENTOS DE PUNTO DE ACCESO ADICIONAL (KOHA)
Tipo de ítem Koha Tesis_
942 ## - ELEMENTOS DE PUNTO DE ACCESO ADICIONAL (KOHA)
Tipo de ítem Koha Tesis_
Holdings
Estado de retiro Estado de pérdida Fuente del sistema de clasificación o colocación Estado dañado No para préstamo Código de colección Localización permanente Ubicación/localización actual Fecha de adquisición Fuente de adquisición Total de préstamos Signatura topográfica completa Código de barras Fecha visto por última vez Número de copia Precio válido a partir de Tipo de ítem Koha Restricciones de uso
    Clasificación Universidad Autónoma de Chapingo   Excluido de préstamo Tesis Zootecnia Zootecnia 09/07/2012 El autor   Tesis E87 2219 z_T 3889 18/01/2022 1 18/01/2022 CD  
    Clasificación Universidad Autónoma de Chapingo   Excluido de préstamo Tesis Zootecnia Zootecnia 09/07/2012 El autor   Tesis E87 2219 z_T 3890 18/01/2022 2 18/01/2022 CD  
    Clasificación Universidad Autónoma de Chapingo     Tesis Zootecnia Zootecnia 09/07/2012 El autor   Tesis E87 2219 z_T 3891 18/01/2022 3 18/01/2022 Tesis Préstamo 5 días